000 00280nam a22001097a 4500
008 160423b xxu||||| |||| 00| 0 eng d
020 _a0763735558
041 _aeng
080 _a612.39
245 _aDiscovering nutrition :
_cPaul Insel; R.Elaine Turner; Don Ross;
942 _2udc
_cBK
999 _c1536
_d1536